000 00569nam a2200169 i 4500
001 51099
003 ES-MaACL
005 20230906162311.0
007 t|
008 030808s1976 po f |||| | glg d
100 1 _aChao Espina, Enrique.
_937996
245 1 3 _aAs lembranzas de Don Inda /
_cHenrique Chao Espina.
260 _aBraga :
_b[s.n.],
_c1976 (
_fGráf. Livraria Cruz)
300 _a39 p., [1] h. de lám. ;
_c24 cm.
595 _aSeparata de "Bracara Augusta", t. XXX, Jul.-Dez. de 1976.
852 _aES-MaACL
_j2339-F-24
_z. - Dedicatoria autógrafa del autor
999 _c51099
_d51099